四国八十八箇所 - Statistics

General Stats
  • This quiz has been taken 29 times
  • The average score is 16 of 88
Answers on the Map
Answers color-coded by a green-red scale on the quiz's map according to % correct below.
 
Answer Stats
# 霊場 % Correct
香川県 75 善通寺ぜんつうじ
65%
徳島県 16 観音寺かんおんじ
47%
徳島県 15 国分寺こくぶんじ
41%
高知県 29 国分寺こくぶんじ
41%
愛媛県 59 国分寺こくぶんじ
41%
香川県 80 國分寺こくぶんじ
41%
香川県 84 屋島寺やしまじ
41%
徳島県 12 焼山寺しょうさんじ
35%
香川県 69 観音寺かんのんじ
35%
高知県 24 最御崎寺ほつみさきじ
29%
香川県 76 金倉寺こんぞうじ
29%
香川県 87 長尾寺ながおじ
29%
徳島県 1 霊山寺りょうぜんじ
24%
徳島県 4 大日寺だいにちじ
24%
徳島県 13 大日寺だいにちじ
24%
徳島県 21 太龍寺たいりゅうじ
24%
高知県 28 大日寺だいにちじ
24%
高知県 31 竹林寺ちくりんじ
24%
高知県 38 金剛福寺こんごうふくじ
24%
愛媛県 44 大寶寺だいほうじ
24%
愛媛県 51 石手寺いしてじ
24%
香川県 67 大興寺だいこうじ
24%
香川県 73 出釈迦寺しゅっしゃかじ
24%
香川県 83 一宮寺いちのみやじ
24%
香川県 86 志度寺しどじ
24%
香川県 88 大窪寺おおくぼじ
24%
徳島県 2 極楽寺ごくらくじ
18%
徳島県 3 金泉寺こんせんじ
18%
徳島県 6 安楽寺あんらくじ
18%
徳島県 7 十楽寺じゅうらくじ
18%
徳島県 10 切幡寺きりはたじ
18%
徳島県 11 藤井寺ふじいでら
18%
徳島県 20 鶴林寺かくりんじ
18%
徳島県 23 薬王寺やくおうじ
18%
高知県 25 津照寺しんしょうじ
18%
高知県 27 神峯寺こうのみねじ
18%
高知県 32 禅師峰寺ぜんじぶじ
18%
高知県 36 青龍寺しょうりゅうじ
18%
高知県 37 岩本寺いわもとじ
18%
愛媛県 42 佛木寺ぶつもくじ
18%
愛媛県 45 岩屋寺いわやじ
18%
愛媛県 47 八坂寺やさかじ
18%
愛媛県 50 繁多寺はんたじ
18%
愛媛県 52 太山寺たいさんじ
18%
愛媛県 54 延命寺えんめいじ
18%
愛媛県 56 泰山寺たいさんじ
18%
愛媛県 63 吉祥寺きちじょうじ
18%
香川県 66 雲辺寺うんぺんじ
18%
香川県 70 本山寺もとやまじ
18%
香川県 71 弥谷寺いやだにじ
18%
香川県 74 甲山寺こうやまじ
18%
香川県 78 郷照寺ごうしょうじ
18%
香川県 85 八栗寺やくりじ
18%
徳島県 5 地蔵寺じぞうじ
12%
徳島県 8 熊谷寺くまだにじ
12%
徳島県 17 井戸寺いどじ
12%
徳島県 18 恩山寺おんざんじ
12%
徳島県 19 立江寺たつえじ
12%
徳島県 22 平等寺びょうどうじ
12%
高知県 26 金剛頂寺こんごうちょうじ
12%
高知県 30 善楽寺ぜんらくじ
12%
高知県 33 雪蹊寺せっけいじ
12%
高知県 34 種間寺たねまじ
12%
高知県 35 清瀧寺きよたきじ
12%
高知県 39 延光寺えんこうじ
12%
愛媛県 40 観自在寺かんじざいじ
12%
愛媛県 43 明石寺めいせきじ
12%
愛媛県 46 浄瑠璃寺じょうるりじ
12%
愛媛県 53 圓明寺えんみょうじ
12%
愛媛県 58 仙遊寺せんゆうじ
12%
愛媛県 60 横峰寺よこみねじ
12%
愛媛県 61 香園寺こうおんじ
12%
愛媛県 62 宝寿寺ほうじゅじ
12%
愛媛県 64 前神寺まえがみじ
12%
愛媛県 65 三角寺さんかくじ
12%
香川県 68 神恵院じんねいん
12%
香川県 72 曼荼羅寺まんだらじ
12%
香川県 77 道隆寺どうりゅうじ
12%
香川県 79 天皇寺てんのうじ
12%
香川県 81 白峯寺しろみねじ
12%
香川県 82 根香寺ねごろじ
12%
徳島県 9 法輪寺ほうりんじ
6%
愛媛県 41 龍光寺りゅうこうじ
6%
愛媛県 48 西林寺さいりんじ
6%
愛媛県 49 浄土寺じょうどじ
6%
愛媛県 55 南光坊なんこうぼう
6%
愛媛県 57 栄福寺えいふくじ
6%
徳島県 14 常楽寺じょうらくじ
0%
No matching quizzes found
Score Distribution
Percent of People with Each Score
Percentile by Number Answered
Your Score History
You have not taken this quiz